Java Script for Kids. (Record no. 158)

MARC details
005 - DATE AND TIME OF LATEST TRANSACTION
control field 20250617145659.0
020 ## - INTERNATIONAL STANDARD BOOK NUMBER
International Standard Book Number 978-1-119-11986-9
082 ## - DEWEY DECIMAL CLASSIFICATION NUMBER
Classification number 005.276 MIN
100 ## - MAIN ENTRY--PERSONAL NAME
Author name MINNICK, C.
245 ## - TITLE STATEMENT
Title Java Script for Kids.
260 ## - PUBLICATION, DISTRIBUTION, ETC.
Place of publication, distribution, etc. Canada,
Name of publisher, distributor, etc. John Wiley,
Date of publication, distribution, etc. 2015.
300 ## - PHYSICAL DESCRIPTION
Extent viii, 370p.: ill.; figure, picture, table.
Other physical details Index.
Dimensions 23cm
700 ## - ADDED ENTRY--PERSONAL NAME
Other authors/Editors HOLLAND, E.
856 ## - ELECTRONIC LOCATION AND ACCESS
Link text Access online book
Electronic name Computer
Path http://booksupport.wiley.com
942 ## - ADDED ENTRY ELEMENTS (KOHA)
Source of classification or shelving scheme Dewey Decimal Classification
Koha item type Books
Holdings
Date last seen Total checkouts Full call number Barcode Cost, replacement price Price effective from Koha item type Lost status Source of classification or shelving scheme Damaged status Not for loan Withdrawn status Home library Current library Shelving location Date acquired Cost, normal purchase price
03/07/2025   005.276 MIN 000000362 177189.00 03/07/2025 Books   Dewey Decimal Classification       College of Business Education Main Library College of Business Education Main Library General Collection 03/07/2025 59063.00
03/07/2025   005.276 MIN 000000363 177189.00 03/07/2025 Books   Dewey Decimal Classification       College of Business Education Main Library College of Business Education Main Library General Collection 03/07/2025 59063.00